Peer support in action : (Record no. 330907)
[ view plain ]
| 000 -LEADER | |
|---|---|
| fixed length control field | 02084cam a22003614a 4500 |
| 001 - CONTROL NUMBER | |
| control field | 12452573 |
| 003 - CONTROL NUMBER IDENTIFIER | |
| control field | NUST |
| 005 - DATE AND TIME OF LATEST TRANSACTION | |
| control field | 20180117090028.0 |
| 008 - FIXED-LENGTH DATA ELEMENTS--GENERAL INFORMATION | |
| fixed length control field | 010626s2000 enka b 001 0 eng |
| 010 ## - LIBRARY OF CONGRESS CONTROL NUMBER | |
| LC control number | 2001271556 |
| 020 ## - INTERNATIONAL STANDARD BOOK NUMBER | |
| International Standard Book Number | 0761963529 (hardcover) |
| 020 ## - INTERNATIONAL STANDARD BOOK NUMBER | |
| International Standard Book Number | 0761963537 |
| 040 ## - CATALOGING SOURCE | |
| Original cataloging agency | DLC |
| Transcribing agency | DLC |
| Modifying agency | DLC |
| 042 ## - AUTHENTICATION CODE | |
| Authentication code | pcc |
| 050 00 - LIBRARY OF CONGRESS CALL NUMBER | |
| Classification number | BF637.C6 |
| Item number | C697 2000 |
| 082 00 - DEWEY DECIMAL CLASSIFICATION NUMBER | |
| Classification number | 371.4/047 COW |
| Edition number | 21 |
| 100 1# - MAIN ENTRY--PERSONAL NAME | |
| Personal name | Cowie, Helen. |
| 9 (RLIN) | 4079 |
| 245 10 - TITLE STATEMENT | |
| Title | Peer support in action : |
| Remainder of title | from bystanding to standing by / |
| Statement of responsibility, etc. | Helen Cowie and Patti Wallace. |
| 260 ## - PUBLICATION, DISTRIBUTION, ETC. | |
| Place of publication, distribution, etc. | London ; |
| -- | Thousand Oaks, Calif. : |
| Name of publisher, distributor, etc. | SAGE Publications, |
| Date of publication, distribution, etc. | 2000. |
| 300 ## - PHYSICAL DESCRIPTION | |
| Extent | x, 176 p. : |
| Other physical details | ill. ; |
| Dimensions | 24 cm. |
| 504 ## - BIBLIOGRAPHY, ETC. NOTE | |
| Bibliography, etc. note | Includes bibliographical references (p. [166]-172) and index. |
| 505 8# - FORMATTED CONTENTS NOTE | |
| Formatted contents note | Machine generated contents note: Part I WHAT IS PEER SUPPORT? -- 1 Why peer support? -- 2 Mediation and peer mediation (by Hilary Stacey) -- 3 Elliott Durham School's Anti-Bullying Peer Support System: -- a case study of good practice in a secondary school -- (by Paul Naylor) -- Part II DEVELOPING A PEER SUPPORT SERVICE -- 4 Planning a peer support service -- 5 Setting up a peer support service -- Part III TRAINING IN PEER SUPPORT -- 6 Core skills for peer support -- 7 Further skills for peer support -- Part IV MONITORING AND EVALUATING THE SYSTEM -- 8 Ethics and the law -- 9 Supervision -- 10 Evaluation -- References -- Index. |
| 650 #0 - SUBJECT ADDED ENTRY--TOPICAL TERM | |
| Topical term or geographic name entry element | Peer counseling. |
| 9 (RLIN) | 4080 |
| 650 #0 - SUBJECT ADDED ENTRY--TOPICAL TERM | |
| Topical term or geographic name entry element | Youth |
| General subdivision | Social networks. |
| 9 (RLIN) | 4081 |
| 650 #0 - SUBJECT ADDED ENTRY--TOPICAL TERM | |
| Topical term or geographic name entry element | Youth |
| General subdivision | Psychology. |
| 9 (RLIN) | 4082 |
| 700 1# - ADDED ENTRY--PERSONAL NAME | |
| Personal name | Wallace, Patti. |
| 9 (RLIN) | 4083 |
| 856 42 - ELECTRONIC LOCATION AND ACCESS | |
| Materials specified | Publisher description |
| Uniform Resource Identifier | <a href="http://www.loc.gov/catdir/enhancements/fy0658/2001271556-d.html">http://www.loc.gov/catdir/enhancements/fy0658/2001271556-d.html</a> |
| 856 41 - ELECTRONIC LOCATION AND ACCESS | |
| Materials specified | Table of contents only |
| Uniform Resource Identifier | <a href="http://www.loc.gov/catdir/enhancements/fy0658/2001271556-t.html">http://www.loc.gov/catdir/enhancements/fy0658/2001271556-t.html</a> |
| 906 ## - LOCAL DATA ELEMENT F, LDF (RLIN) | |
| a | 7 |
| b | cbc |
| c | orignew |
| d | 2 |
| e | ncip |
| f | 20 |
| g | y-gencatlg |
| 942 ## - ADDED ENTRY ELEMENTS (KOHA) | |
| Source of classification or shelving scheme | |
| Koha item type | Book |
| Withdrawn status | Lost status | Source of classification or shelving scheme | Damaged status | Not for loan | Collection code | Permanent Location | Current Location | Shelving location | Date acquired | Total Checkouts | Full call number | Barcode | Date last seen | Date last checked out | Price effective from | Koha item type |
|---|---|---|---|---|---|---|---|---|---|---|---|---|---|---|---|---|
| Central Library (CL) | Central Library (CL) | General Stacks | 08/23/2017 | 1 | 371.4/047 COW | S3H-C-19 | 01/24/2024 | 09/15/2020 | 08/23/2017 | Book |
